000 01479 a2200253 4500
020 _a0824785908
020 _a9780824785901
082 0 4 _a353.001
090 _c1128
_d1128
100 1 _aShafritz, Jay M.
245 1 0 _aPersonnel management in government :
_bpolitics and process /
_cJay M. Shafritz.
250 _a4th Rev&Ex ed.
260 _a[S.l.] :
_bMarcel Dekker,
_c1991.
300 _a553 p. ;
_c23 cm.
490 1 _aPublic administration and public policy, no 44.
500 _aHardcover.
520 _aFourth Edition contains up-to-date material on affirmative action and equal opportunity case law…a new chapter on work and family issues…a new chapter on comparable worth…the latest details on the Volcker Commission findings…analysis of federal pay reform and innovative classification and compensation systems currently implemented by federal agencies…a timely discussion of constitutional and legal issues facing public personnel administration in areas such as AIDS and drug testing…new figures and tables on collective bargaining laws and trends, with state-by-state comparison
700 _aRiccu
700 _aRosenbl
830 _aPublic administration and public p
856 _3Amazon.com
_uhttp://www.amazon.com/exec/obidos/ASIN/0824785908/ch
856 _3Amazon customer reviews
_uhttp://www.chopac.org/cgi-bin/tools/azrev.pl
942 _aNBS
_cBK
_k353.001 SHA
999 _c343658
_d343658